000 00607nam a22002057a 4500
003 SISC
005 20170523143947.0
008 170523b xxu||||| |||| 00| 0 eng d
020 _a9789719802396
050 _aHD 30.24
_b.Ad38 2015
100 _aAduana, Nick L.
245 _aWriting project feasibility study /
_cNick L. Aduana.
250 _a1st edition.
260 _aQuezon City :
_bC & E Publishing, Inc.,
_c2015.
300 _axxii, 208 pages ;
_c21 cm,
500 _aIncludes bibliographical references.
650 _aFeasibility studies.
650 _aProject management.
942 _2lcc
_cBK
999 _c335171
_d335171